[Event "Novotel Open "]
[Site "Budapest"]
[Date "2004.08.19"]
[Round "1"]
[White "Popovics, Adam"]
[Black "Postny, Evgeny"]
[Result "0-1"]
[WhiteElo "2434"]
[BlackElo "2563"]
[PlyCount "64"]
[EventDate "2004.08.19"]
[Source "Roberto Alvarez"]
[SourceDate "2004.09.21"]

1. d4 d6 2. c4 e5 3. Nf3 Nd7 4. Nc3 g6 5. e3 Bg7 6. b3 Ne7 7. Bb2 O-O 8. Qc2 exd4 9. Nxd4 Nc5 10. Be2 a5 11. Rd1 Nc6 12. Nxc6 bxc6 13. O-O Rb8 14. Bf3 Qe8 15. Ba3 Ne6 16. Na4 c5 17. Qd2 Ng5 18. Be2 Bb7 19. Nc3 Ne4 20. Nxe4 Bxe4 21. Bd3 a4 22. Bxe4 Qxe4 23. Rb1 axb3 24. axb3 Rb6 25. f3 Qb7 26. Bb2 Rxb3 27. Bxg7 Kxg7 28. Qc2 Rb8 29. Rxb3 Qxb3 30. Qe4 Qc3 31. Qe7 Rb2 32. f4 Re2 0-1

[Event "Pardubice Open"]
[Site "Pardubice CZE"]
[Date "1993.??.??"]
[Round "4"]
[White "Razuvaev, Yuri S"]
[Black "Hausner, Ivan"]
[Result "1/2-1/2"]
[WhiteElo "2525"]
[BlackElo "2465"]
[PlyCount "61"]
[EventDate "1993.07.??"]
[Source "www.chesslib.no"]
[SourceDate "2004.05.04"]

1. d4 d6 2. c4 e5 3. Nf3 exd4 4. Nxd4 g6 5. g3 Bg7 6. Bg2 Nd7 7. O-O Ne7 8. Nc3 O-O 9. e3 Nb6 10. Qb3 a5 11. Rd1 a4 12. Qc2 Bg4 13. Nce2 Qc8 14. Rb1 Re8 15. b3 axb3 16. axb3 c6 17. e4 Bh3 18. Bf4 Bxg2 19. Kxg2 Be5 20. Be3 Nd7 21. Nf3 Qc7 22. Nxe5 dxe5 23. c5 Nf8 24. Bc1 Nc8 25. Bb2 Na7 26. f4 Nb5 27. Ra1 exf4 28. Rxa8 Rxa8 29. gxf4 Qe7 30. b4 Ne6 31. h3 1/2-1/2

[Event "Beersheba"]
[Site "Beer Sheba ISR"]
[Date "1991.??.??"]
[Round "?"]
[White "Alterman, Boris"]
[Black "Greenfeld, Alon"]
[Result "1/2-1/2"]
[WhiteElo "2465"]
[BlackElo "2520"]
[PlyCount "33"]
[EventDate "1991.07.??"]
[Source "www.chesslib.no"]
[SourceDate "2004.05.04"]

1. d4 d6 2. c4 e5 3. Nf3 e4 4. Nfd2 f5 5. Nc3 c6 6. e3 Nf6 7. b4 a6 8. Qb3 c5 9. bxc5 dxc5 10. d5 Bd6 11. Bb2 Nbd7 12. Be2 O-O 13. g4 Ne5 14. gxf5 Bxf5 15. O-O-O Qe7 16. Rhg1 h6 17. Qc2 1/2-1/2

[Event "Elista ol (Men)"]
[Site "Elista"]
[Date "1998.10.05"]
[Round "7"]
[White "Rogozenko, Dorian"]
[Black "Agrest, Evgenij"]
[Result "1-0"]
[WhiteElo "2435"]
[BlackElo "2545"]
[PlyCount "101"]
[EventDate "1998.09.29"]
[Source "ChessBase"]
[SourceDate "1998.11.06"]

1. d4 d6 2. c4 f5 3. g3 Nf6 4. Nc3 g6 5. Bg2 Bg7 6. Nh3 Nc6 7. d5 Ne5 8. b3 O-O 9. O-O c5 10. Qc2 a6 11. a4 Rb8 12. a5 b6 13. axb6 Qxb6 14. Ra3 Ne8 15. Bd2 Nc7 16. Nf4 Bd7 17. h3 Bh8 18. Qa2 Nf7 19. Rb1 Nd8 20. h4 Qa7 21. Re1 Bf6 22. e4 e5 23. dxe6 Ndxe6 24. Ncd5 Nxf4 25. Nxf6+ Rxf6 26. Bxf4 fxe4 27. Bxe4 Re8 28. Re3 Qb6 29. Qb2 Rf7 30. Qd2 Re6 31. Qa5 Qxa5 32. Rxa5 Bc8 33. Bg2 Rxe3 34. fxe3 Rf6 35. e4 Ne6 36. Bxd6 Nd4 37. Rxc5 Ne2+ 38. Kh2 Bb7 39. Bf4 Nxf4 40. gxf4 Rb6 41. e5 Bxg2 42. Kxg2 Rxb3 43. Rc7 Re3 44. Kf2 Re4 45. Kf3 Re1 46. c5 h6 47. c6 Rc1 48. Ke4 a5 49. Kd5 Rd1+ 50. Ke6 Rc1 51. Kf6 1-0

[Event "Moscow ol (Men)"]
[Site "Moscow"]
[Date "1994.??.??"]
[Round "9"]
[White "Gretarsson, Helgi Ass"]
[Black "Zaichik, Gennadi"]
[Result "0-1"]
[WhiteElo "2450"]
[BlackElo "2530"]
[PlyCount "74"]
[EventDate "1994.11.??"]
[Source "ChessBase"]

1. d4 d6 2. c4 e5 3. Nf3 e4 4. Ng5 f5 5. g3 Be7 6. Nh3 Nf6 7. Nc3 c6 8. d5 Nbd7 9. Bg2 Ne5 10. b3 O-O 11. O-O Kh8 12. Kh1 Bd7 13. Bb2 Ng6 14. Qd2 cxd5 15. cxd5 Qb6 16. Nd1 a5 17. Ne3 a4 18. Bd4 Qa5 19. b4 Qb5 20. a3 Kg8 21. Bb2 Rae8 22. Rac1 Bd8 23. Nc4 Qa6 24. Rc2 Bb5 25. Rfc1 Ng4 26. Bd4 Rf7 27. Ne3 h6 28. f3 exf3 29. exf3 Nxe3 30. Bxe3 Rfe7 31. Rc3 Bb6 32. Bxb6 Qxb6 33. Rc8 Rxc8 34. Rxc8+ Kh7 35. Qc3 Re3 36. Qc1 Qd4 37. f4 Rd3 0-1

[Event "Moscow ol (Men)"]
[Site "Moscow"]
[Date "1994.??.??"]
[Round "11"]
[White "Kakageldyev, Amanmurad"]
[Black "Mokry, Karel"]
[Result "0-1"]
[WhiteElo "2450"]
[BlackElo "2530"]
[PlyCount "71"]
[EventDate "1994.11.??"]
[Source "ChessBase"]

1. d4 d6 2. c4 e5 3. Nf3 e4 4. Nfd2 f5 5. e3 c6 6. Nc3 d5 7. Qb3 Nf6 8. Be2 Na6 9. cxd5 cxd5 10. Bb5+ Kf7 11. f3 Nc7 12. Be2 Be6 13. fxe4 fxe4 14. O-O Bd6 15. Qxb7 Rb8 16. Qxa7 Kg8 17. Rf2 h5 18. Nf1 Ng4 19. Bxg4 hxg4 20. g3 Bd7 21. Qa5 Bb4 22. Qa7 Rh6 23. a3 Be7 24. Bd2 Ra6 25. Qxa6 Nxa6 26. Nxd5 Bd6 27. b4 Nc7 28. Nxc7 Qxc7 29. a4 Bxb4 30. a5 Bxd2 31. Rxd2 Qc3 32. Rad1 Ba4 33. Re1 Qxa5 34. d5 Rd8 35. Ra1 Qb5 36. d6 0-1

[Event "Arnold Cup"]
[Site "Gausdal NOR"]
[Date "1990.??.??"]
[Round "2"]
[White "Wessman, Richard"]
[Black "Jansa, Vlastimil"]
[Result "1/2-1/2"]
[WhiteElo "2505"]
[BlackElo "2475"]
[PlyCount "39"]
[EventDate "1990.??.??"]
[Source "www.chesslib.no"]
[SourceDate "2004.05.04"]

1. d4 d6 2. c4 e5 3. Nf3 e4 4. Ng5 f5 5. Nh3 Nf6 6. Nc3 c6 7. d5 c5 8. f3 Qe7 9. Qa4+ Bd7 10. Qb3 b6 11. Nb5 Bxb5 12. Qxb5+ Qd7 13. a4 Be7 14. Nf4 O-O 15. Ne6 Rc8 16. g3 Nc6 17. Bh3 g6 18. O-O exf3 19. exf3 Na5 20. Qa6 1/2-1/2

[Event "It Open"]
[Site "It (open)"]
[Date "1994.??.??"]
[Round "?"]
[White "Gomez Esteban, Juan M"]
[Black "Strikovic, Aleksa"]
[Result "1/2-1/2"]
[WhiteElo "2485"]
[BlackElo "2495"]
[PlyCount "41"]
[EventDate "1994.??.??"]
[Source "www.chesslib.no"]
[SourceDate "2004.05.04"]

1. d4 d6 2. c4 e5 3. dxe5 dxe5 4. Qxd8+ Kxd8 5. Nc3 c6 6. Nf3 f6 7. e4 Na6 8. Be3 Kc7 9. Nd2 Nh6 10. f3 Bc5 11. Bxc5 Nxc5 12. O-O-O a5 13. Nb3 Nxb3+ 14. axb3 Be6 15. Kc2 b6 16. c5 b5 17. Rd6 Rhe8 18. Bxb5 cxb5 19. Nxb5+ Kc8 20. Rhd1 Nf7 21. Rc6+ 1/2-1/2

[Event "Mancha Real Open 3rd"]
[Site "?"]
[Date "2000.07.24"]
[Round "6"]
[White "Campos Moreno Javier B"]
[Black "Oratovsky Michael"]
[Result "0-1"]
[WhiteElo "2491"]
[BlackElo "2486"]
[PlyCount "62"]
[EventDate "2000.??.??"]
[Source "www.chesslib.no"]
[SourceDate "2004.05.04"]

1. d4 d6 2. c4 e5 3. Nf3 e4 4. Ng5 f5 5. g3 c6 6. Bg2 Be7 7. Nh3 Nf6 8. O-O Nbd7 9. Nc3 Nb6 10. b3 d5 11. c5 Nbd7 12. f3 Nf8 13. Bf4 Ne6 14. b4 O-O 15. Qd2 h6 16. Rad1 g5 17. Be3 Qe8 18. Kh1 Bd7 19. a4 Qh5 20. b5 Kh8 21. bxc6 bxc6 22. Rb1 Bd8 23. fxe4 fxe4 24. Nf2 Ba5 25. Bh3 Nf4 26. gxf4 Bxh3 27. Rg1 Ng4 28. Nxg4 Bxg4 29. Rb7 Bxc3 30. Qxc3 Bxe2 31. Rg3 gxf4 0-1

[Event "Mancha Real"]
[Site "?"]
[Date "2000.07.19"]
[Round "3"]
[White "Hoffman Alejandro"]
[Black "Oratovski Michael"]
[Result "1/2-1/2"]
[WhiteElo "2491"]
[BlackElo "2486"]
[PlyCount "82"]
[EventDate "2000.??.??"]
[Source "www.chesslib.no"]
[SourceDate "2004.05.04"]

1. d4 d6 2. c4 e5 3. d5 a5 4. e4 Na6 5. Nc3 Be7 6. Bd3 Nc5 7. Bc2 Bg5 8. Nf3 Bxc1 9. Rxc1 Ne7 10. a3 O-O 11. b4 axb4 12. axb4 Na6 13. Rb1 c5 14. dxc6 bxc6 15. O-O c5 16. bxc5 Nxc5 17. Nb5 Ra6 18. Qd2 Bg4 19. Qe3 f5 20. exf5 Nxf5 21. Bxf5 Bxf5 22. Ra1 Rxa1 23. Rxa1 Be4 24. Rd1 Bxf3 25. gxf3 Qh4 26. Nxd6 Ne6 27. Kh1 Ng5 28. Qxe5 Qxf2 29. Qd5+ Kh8 30. Nf7+ Nxf7 31. Qxf7 Qc5 32. Qd5 Qf2 33. c5 h6 34. c6 Rxf3 35. c7 Rf8 36. Rc1 Rc8 37. Qd8+ Kh7 38. Qd3+ Kh8 39. Qd8+ Kh7 40. Qxc8 Qf3+ 41. Kg1 Qe3+ 1/2-1/2

[Event "Banyoles op 3rd"]
[Site "?"]
[Date "2000.??.??"]
[Round "8"]
[White "Campos Moreno Javier B"]
[Black "Oratovsky Michael"]
[Result "1/2-1/2"]
[WhiteElo "2491"]
[BlackElo "2486"]
[PlyCount "43"]
[EventDate "2000.??.??"]
[Source "www.chesslib.no"]
[SourceDate "2004.05.04"]

1. d4 d6 2. c4 e5 3. Nf3 e4 4. Ng5 f5 5. g3 Be7 6. Nh3 c6 7. Bg2 Nf6 8. O-O Nbd7 9. f3 Nb6 10. fxe4 Nxe4 11. Qd3 Be6 12. Na3 d5 13. cxd5 Nxd5 14. Nf4 Nxf4 15. Bxf4 Bf6 16. Rfd1 O-O 17. Nc4 Qd7 18. Be5 Qf7 19. Rac1 Rad8 20. Bxf6 Qxf6 21. Ne3 Nd6 22. d5 1/2-1/2

[Event "Open"]
[Site "Zadar"]
[Date "2004.12.18"]
[Round "8.12"]
[White "Kovacevic, Blazimir"]
[Black "Tratar, Marko"]
[Result "1-0"]
[WhiteElo "2503"]
[BlackElo "2473"]
[PlyCount "85"]
[EventDate "2004.12.13"]
[Source "Roberto Alvarez"]
[SourceDate "2004.12.13"]

1. d4 d6 2. c4 e5 3. d5 Be7 4. Nc3 Nf6 5. e4 O-O 6. Nge2 c6 7. Ng3 cxd5 8. cxd5 Ne8 9. Be2 g6 10. Bh6 Ng7 11. h4 Nd7 12. Qd2 Nf6 13. h5 Kh8 14. O-O-O Ng8 15. Be3 Ne8 16. Kb1 Nef6 17. Rc1 Bd7 18. f4 exf4 19. Bxf4 Ne8 20. e5 g5 21. exd6 Bf6 22. Be3 Nxd6 23. Rhf1 h6 24. Bc5 Be5 25. Nge4 Bf5 26. Bxd6 Bxe4+ 27. Nxe4 Bxd6 28. Qd4+ f6 29. Nxd6 Qxd6 30. Bg4 Rfe8 31. Qc5 Qg3 32. Be6 Qxg2 33. Bxg8 Kxg8 34. Rxf6 Qe4+ 35. Ka1 Re7 36. d6 Rg7 37. a3 g4 38. Rxh6 g3 39. Rg6 Rf8 40. d7 Rd8 41. Qc8 Qe7 42. Qxd8+ Qxd8 43. Rc8 1-0

[Event "2nd MAIG Team Standard"]
[Site "Macau CHN"]
[Date "2007.10.28"]
[Round "2"]
[White "Kazhgaleyev, M."]
[Black "Mas, H."]
[Result "1-0"]
[WhiteElo "2599"]
[BlackElo "2372"]
[PlyCount "94"]
[EventDate "2007.10.28"]
[Source "www.chesslib.no"]
[SourceDate "2004.05.04"]

1. d4 d6 2. c4 e5 3. d5 f5 4. e4 Nf6 5. exf5 Bxf5 6. Nc3 Na6 7. Nge2 Bg6 8. Ng3 Qd7 9. Bd3 Bxd3 10. Qxd3 Be7 11. O-O Nc5 12. Qe2 O-O 13. Be3 Na6 14. Rfd1 Ng4 15. Rab1 Nxe3 16. Qxe3 Qg4 17. Nge4 Rf5 18. b4 Bg5 19. Qe2 Qxe2 20. Nxe2 Be7 21. N2c3 Rf4 22. f3 h5 23. Rd3 Kh7 24. Nb5 g5 25. g3 Rff8 26. a3 Kg6 27. Kg2 Rf7 28. Rc1 b6 29. Rb3 Bf8 30. h3 Rd7 31. a4 Nb8 32. c5 dxc5 33. bxc5 Na6 34. cxb6 cxb6 35. Rc6+ Kg7 36. d6 Kg6 37. a5 Nc5 38. Nxc5 bxc5 39. Rc7 Rad8 40. a6 c4 41. Rb2 Kf6 42. Rxa7 c3 43. Ra2 Rxa7 44. Nxa7 Rxd6 45. Nb5 c2 46. Nxd6 c1=Q 47. Ne4+ Kg7 1-0

[Event "Leeuwarden Open"]
[Site "Leeuwarden NED"]
[Date "1995.??.??"]
[Round "2"]
[White "Mikhalevski, Alexander"]
[Black "Van der Wiel, John T H"]
[Result "1-0"]
[WhiteElo "2400"]
[BlackElo "2570"]
[PlyCount "143"]
[EventDate "1995.08.??"]
[Source "www.chesslib.no"]
[SourceDate "2004.05.04"]

1. d4 d6 2. c4 e5 3. d5 f5 4. e4 Nf6 5. exf5 Bxf5 6. Nc3 Nbd7 7. Nge2 Bg6 8. Ng3 c6 9. Bd3 Bf7 10. O-O Be7 11. Nge4 cxd5 12. cxd5 Nxe4 13. Bxe4 O-O 14. Be3 Bg5 15. Qc2 h6 16. Bg6 Bxg6 17. Qxg6 Qf6 18. Qxf6 Nxf6 19. Bxg5 hxg5 20. Nb5 Rfd8 21. Rac1 Rd7 22. Rfd1 a6 23. Na3 Re8 24. Nc4 e4 25. Ne3 Kf7 26. Rc4 Kg6 27. Rdc1 Re5 28. Rd4 Ree7 29. Rdc4 Re5 30. Rd1 Ree7 31. Kf1 Rc7 32. Rdc1 Ne8 33. Rxc7 Nxc7 34. Nc4 Nxd5 35. Rd1 Rc7 36. Nxd6 Nf6 37. Ke2 Rc6 38. h3 b5 39. Ke3 g4 40. h4 Rc2 41. Rd2 Rc1 42. Kf4 Rc5 43. Nxe4 Rf5+ 44. Ke3 Re5 45. f3 gxf3 46. gxf3 Kf5 47. Rd4 Nxe4 48. fxe4+ Ke6 49. Kf4 Rh5 50. Kg4 Re5 51. b4 Ke7 52. Kf4 Rh5 53. Kg4 Re5 54. Kg3 Ke8 55. Kf3 Rh5 56. Rd6 Rxh4 57. Rxa6 Kf7 58. Ra5 Rh2 59. Kf4 Kf6 60. Ra6+ Ke7 61. a3 Rh6 62. Ra7+ Kf6 63. e5+ Ke6 64. Ra6+ Kd7 65. Ra5 Kc6 66. Kf5 Rh1 67. Ra6+ Kd5 68. Rd6+ Kc4 69. e6 Re1 70. Kg6 Re3 71. Ra6 Kd5 72. Kf7 1-0

[Event "Leningrad2"]
[Site "Leningrad"]
[Date "1989.??.??"]
[Round "?"]
[White "Ivanov, Sergey"]
[Black "Zaichik, Gennadi"]
[Result "0-1"]
[WhiteElo "2465"]
[BlackElo "2500"]
[PlyCount "80"]
[EventDate "1989.09.??"]
[Source "ChessBase"]

1. d4 d6 2. c4 e5 3. Nf3 e4 4. Ng5 f5 5. Nh3 Be7 6. Nc3 c6 7. e3 Na6 8. Be2 Nf6 9. O-O O-O 10. f3 Nc7 11. d5 cxd5 12. cxd5 exf3 13. Bxf3 Ng4 14. Nf4 Bg5 15. Bxg4 fxg4 16. e4 b6 17. Be3 Ba6 18. Rf2 Qd7 19. Qd2 Bh4 20. g3 Bf6 21. Bd4 Rae8 22. Nfe2 Bxe2 23. Rxe2 Bxd4+ 24. Qxd4 Re5 25. Rf1 Rxf1+ 26. Kxf1 Ne8 27. Qa4 Qe7 28. Nb5 Qg5 29. Qc4 Re7 30. Qc8 Qg6 31. e5 Qd3 32. Nc3 Rxe5 33. Qxg4 Nf6 34. Qc8+ Re8 35. Qc6 Rxe2 36. Nxe2 Qd1+ 37. Kf2 Ng4+ 38. Kg2 Qxe2+ 39. Kh3 Nf6 40. Qxd6 Qh5+ 0-1

[Event "Herzliya"]
[Site "Herzliya"]
[Date "1993.??.??"]
[Round "7"]
[White "Lev, Ronen"]
[Black "Beim, Valery"]
[Result "1/2-1/2"]
[WhiteElo "2465"]
[BlackElo "2500"]
[PlyCount "51"]
[EventDate "1993.11.??"]
[Source "www.chesslib.no"]
[SourceDate "2004.05.04"]

1. d4 d6 2. c4 f5 3. Nf3 Nf6 4. b3 g6 5. Bb2 Bg7 6. Qc2 O-O 7. Nbd2 Na6 8. g3 c6 9. Bg2 Rb8 10. O-O Bd7 11. Ne1 Nb4 12. Qc1 a5 13. a3 Na6 14. Nd3 Nc7 15. Bc3 Ra8 16. a4 Ne6 17. Qb2 d5 18. Nf3 Ne4 19. e3 Be8 20. Nfe5 g5 21. f3 Nxc3 22. Qxc3 c5 23. Nxc5 Nxc5 24. dxc5 f4 25. Qd4 Bf7 26. exf4 1/2-1/2

[Event "It (open)"]
[Site "Oberwart (Austria)"]
[Date "2007.07.11"]
[Round "5"]
[White "Khmelniker Ilya (ISR)"]
[Black "Kovalev Andrei (BLR)"]
[Result "1/2-1/2"]
[WhiteElo "2427"]
[BlackElo "2529"]
[PlyCount "38"]
[EventDate "2007.??.??"]
[Source "www.chesslib.no"]
[SourceDate "2004.05.04"]

1. d4 d6 2. c4 e5 3. d5 a5 4. e4 Be7 5. Nc3 Bg5 6. Bxg5 Qxg5 7. Nf3 Qe7 8. c5 Nf6 9. Bb5+ Bd7 10. Qb3 O-O 11. Be2 Bc8 12. cxd6 cxd6 13. Nd2 Nbd7 14. Na4 Rb8 15. Qb5 b6 16. O-O Ra8 17. Qc6 Rb8 18. Qb5 Ra8 19. Qc6 Rb8 1/2-1/2

[Event "Liechtenstein Open"]
[Site "Liechtenstein"]
[Date "1993.??.??"]
[Round "9"]
[White "Kelecevic, Nedeljko"]
[Black "Conquest, Stuart"]
[Result "0-1"]
[WhiteElo "2465"]
[BlackElo "2485"]
[PlyCount "122"]
[EventDate "1993.??.??"]
[Source "www.chesslib.no"]
[SourceDate "2004.05.04"]

1. d4 d6 2. c4 e5 3. d5 Be7 4. Nc3 a5 5. e4 Na6 6. g3 Nf6 7. h4 c6 8. Qe2 O-O 9. Bh3 Qb6 10. Kf1 Nc5 11. Bg5 h6 12. Bxf6 Bxf6 13. Kg2 Be7 14. Bf5 a4 15. Nf3 Qb4 16. Rac1 Ra6 17. Rc2 Re8 18. Bxc8 Rxc8 19. Nd2 Re8 20. Nf1 Bf8 21. Ne3 Raa8 22. Rd1 Qa5 23. h5 Qd8 24. Rcd2 g6 25. Qf3 Qg5 26. Rh1 Be7 27. Rdd1 Nd7 28. Qe2 Nf6 29. hxg6 fxg6 30. dxc6 bxc6 31. c5 dxc5 32. Rh4 h5 33. Qc4+ Kg7 34. Nxa4 Rab8 35. b3 Rb4 36. Qc2 Rf8 37. Nb2 Rd4 38. Nbc4 Rfd8 39. Re1 Nd5 40. exd5 Rxh4 41. dxc6 Rhd4 42. b4 h4 43. b5 hxg3 44. fxg3 Rh8 45. Rg1 Qh5 46. Kf2 Bg5 47. Ke1 Qf3 48. Qg2 Qf7 49. Rf1 Qe6 50. Qc2 Ra8 51. c7 Bxe3 52. Nxe3 c4 53. Qf2 c3 54. b6 Rb4 55. Qf3 Rb1+ 56. Kf2 Rxf1+ 57. Kxf1 Rf8 58. Qxf8+ Kxf8 59. Ke1 Qc6 60. Kd1 Ke7 61. Ng4 Qd7+ 0-1

[Event "Spartakiade tt 8th"]
[Site "Moscow RUS"]
[Date "1983.??.??"]
[Round "4"]
[White "Nei, Iivo"]
[Black "Azmaiparashvili, Zurab A"]
[Result "1/2-1/2"]
[WhiteElo "2495"]
[BlackElo "2455"]
[PlyCount "44"]
[EventDate "1983.07.??"]
[Source "www.chesslib.no"]
[SourceDate "2004.05.04"]

1. d4 d6 2. c4 e5 3. Nf3 exd4 4. Nxd4 g6 5. g3 Bg7 6. Bg2 Ne7 7. O-O O-O 8. Nc3 Nbc6 9. Nxc6 bxc6 10. Bd2 Rb8 11. b3 c5 12. Rc1 Bb7 13. Bxb7 Rxb7 14. Ne4 Qc8 15. Bc3 Qe6 16. Bxg7 Kxg7 17. Qd3 Nc6 18. Ng5 Qe5 19. Nf3 Qe6 20. Ng5 Qe5 21. Nf3 Qe6 22. Ng5 Qe5 1/2-1/2

[Event "ISR-ch"]
[Site "Jerusalem"]
[Date "1996.??.??"]
[Round "9"]
[White "Mikhalevski, Alexander"]
[Black "Oratovsky, Michael"]
[Result "0-1"]
[WhiteElo "2460"]
[BlackElo "2485"]
[PlyCount "94"]
[EventDate "1996.10.26"]
[Source "ChessBase"]

1. d4 d6 2. c4 e5 3. d5 g6 4. e4 Bg7 5. Nc3 a5 6. a3 Na6 7. Bd3 Nh6 8. h4 Nc5 9. Bc2 f6 10. Bd2 Bd7 11. b4 axb4 12. axb4 Na6 13. Rb1 Nf7 14. h5 Bh6 15. Bxh6 Nxh6 16. hxg6 hxg6 17. Qd2 Nf7 18. Rxh8+ Nxh8 19. Qh6 Ke7 20. c5 Nf7 21. Qe3 c6 22. Bd3 Nc7 23. Nf3 Ra3 24. Qc1 Qa8 25. Nd2 cxd5 26. exd5 dxc5 27. Nc4 Rxc3 28. Qxc3 Nxd5 29. Qd2 Nxb4 30. Bxg6 Qg8 31. Rxb4 Qxg6 32. Rb6 Qxg2 33. Ne3 Qh1+ 34. Ke2 Bc6 35. Qc3 Nd6 36. Qxc5 Qf3+ 37. Ke1 Qh1+ 38. Kd2 Kd7 39. Qb4 Qh2 40. Ng4 Qg2 41. Nxf6+ Ke6 42. Ng4 Ne4+ 43. Ke3 Qxg4 44. Rxc6+ bxc6 45. Qxe4 Qxe4+ 46. Kxe4 Kd6 47. f3 Ke6 0-1

[Event "Royan"]
[Site "Royan"]
[Date "1988.??.??"]
[Round "?"]
[White "Andruet, Gilles"]
[Black "Kharitonov, Andrei Y"]
[Result "0-1"]
[WhiteElo "2430"]
[BlackElo "2515"]
[PlyCount "58"]
[EventDate "1988.06.??"]
[Source "ChessBase"]

1. d4 d6 2. c4 e5 3. Nf3 e4 4. Nfd2 f5 5. f3 e3 6. Nb3 f4 7. Qd3 d5 8. cxd5 Bb4+ 9. Nc3 Qxd5 10. Kd1 Bxc3 11. Qxc3 Qf7 12. g3 Nf6 13. Nc5 Nd5 14. Qc4 O-O 15. Nd3 Be6 16. Ne5 Qe7 17. Bh3 Nd7 18. gxf4 Rxf4 19. Bxe6+ Qxe6 20. Nxd7 Qxd7 21. Bxe3 Qe6 22. Bxf4 Ne3+ 23. Bxe3 Qxc4 24. Rc1 Qxa2 25. Rxc7 Qb3+ 26. Kd2 Re8 27. Rc3 Qxb2+ 28. Rc2 Qb4+ 29. Rc3 Rxe3 0-1

[Event "Moscow ol (Men)"]
[Site "Moscow"]
[Date "1994.??.??"]
[Round "7"]
[White "Sitanggang, Salor"]
[Black "Zaichik, Gennadi"]
[Result "0-1"]
[WhiteElo "2410"]
[BlackElo "2530"]
[PlyCount "94"]
[EventDate "1994.11.??"]
[Source "ChessBase"]

1. d4 d6 2. c4 e5 3. Nf3 e4 4. Ng5 f5 5. Nh3 c6 6. Nf4 Nf6 7. h4 Na6 8. e3 Nc7 9. Nc3 Ne6 10. g3 Be7 11. Be2 Nxf4 12. exf4 Be6 13. d5 Bf7 14. a3 O-O 15. Be3 Rc8 16. O-O a6 17. Kg2 cxd5 18. cxd5 b5 19. Qd2 Qd7 20. Rfc1 Qb7 21. Rd1 Rc7 22. Rac1 Rfc8 23. Kh2 Bh5 24. Bxh5 Nxh5 25. Na2 Rxc1 26. Nxc1 Nf6 27. Nb3 Bd8 28. Qb4 Qd7 29. Na5 Rc2 30. Qb3 Ng4+ 31. Kg1 Re2 32. Kf1 Rxe3 33. fxe3 Bxa5 34. Rc1 Bb6 35. Rc6 Bc5 36. Ke1 Nxe3 37. a4 Qe8 38. Rxc5 Qh5 39. Kd2 Nf1+ 40. Ke1 dxc5 41. axb5 c4 42. Qa3 Nxg3 43. Qxg3 axb5 44. d6 Qf7 45. Qe3 Qd5 46. Qb6 h6 47. h5 Kh7 0-1

[Event "Albena"]
[Site "Albena"]
[Date "1985.??.??"]
[Round "?"]
[White "Kouatly, Bachar"]
[Black "Popchev, Milko"]
[Result "0-1"]
[WhiteElo "2460"]
[BlackElo "2480"]
[PlyCount "106"]
[EventDate "1985.09.02"]
[Source "www.chesslib.no"]
[SourceDate "2004.05.04"]

1. d4 d6 2. c4 e5 3. Nf3 exd4 4. Nxd4 g6 5. g3 Bg7 6. Bg2 Ne7 7. O-O O-O 8. Nc3 Nbc6 9. Nc2 Ne5 10. Ne3 Nf5 11. Nxf5 Bxf5 12. Qb3 Be6 13. Bd5 Bh3 14. Rd1 c6 15. Bh1 Qe7 16. Ne4 Rad8 17. Ng5 Bc8 18. Nf3 Ng4 19. h3 Nf6 20. Bg2 d5 21. Qe3 Be6 22. Qxa7 dxc4 23. Be3 Ra8 24. Qc5 Qxc5 25. Bxc5 Rfe8 26. Nd4 Bd5 27. Bxd5 Nxd5 28. e3 f5 29. a3 Ra5 30. Bb4 Nxb4 31. axb4 Rxa1 32. Rxa1 Bxd4 33. exd4 Re2 34. Rb1 Kf7 35. b3 c3 36. Rc1 c2 37. Kf1 Rd2 38. Ke1 Rxd4 39. b5 Rd1+ 40. Rxd1 cxd1=Q+ 41. Kxd1 cxb5 42. Kd2 Ke6 43. Kc3 Kd5 44. f3 g5 45. Kd3 Kc5 46. Kc3 h5 47. b4+ Kd5 48. Kd3 g4 49. hxg4 hxg4 50. fxg4 fxg4 51. Ke3 Kc4 52. Kf4 Kxb4 53. Kxg4 Kc3 0-1

[Event "Copenhagen BSF"]
[Site "Copenhagen"]
[Date "1995.??.??"]
[Round "9"]
[White "Maksimenko, Andrei"]
[Black "Hoi, Carsten"]
[Result "1-0"]
[WhiteElo "2525"]
[BlackElo "2415"]
[PlyCount "73"]
[EventDate "1995.03.??"]
[Source "ChessBase"]

1. d4 d6 2. c4 g6 3. Nc3 Bg7 4. Nf3 Bg4 5. g3 Bxf3 6. exf3 e6 7. h4 h5 8. d5 e5 9. Qb3 b6 10. f4 Ne7 11. Bh3 Nd7 12. O-O O-O 13. fxe5 Nxe5 14. Ne4 Kh8 15. Bd2 a5 16. a4 Ng8 17. Rae1 Nh6 18. Kg2 f6 19. Bxh6 Bxh6 20. f4 Nd7 21. f5 g5 22. hxg5 fxg5 23. Qd1 g4 24. Bxg4 Nf6 25. Bxh5 Nxe4 26. Rxe4 Qf6 27. Re6 Qxb2+ 28. Rf2 Qg7 29. f6 Qg5 30. f7 Rac8 31. Rg6 Qc1 32. Qd4+ Kh7 33. Qe4 Kh8 34. Bg4 Rcd8 35. Be6 Rb8 36. Qh4 Kh7 37. Bf5 1-0

[Event "Bank Pocztowy Open A, Bydgoszcz POL"]
[Site "?"]
[Date "2001.??.??"]
[Round "1"]
[White "Lutsko, I."]
[Black "Markowski, T."]
[Result "0-1"]
[WhiteElo "2345"]
[BlackElo "2590"]
[PlyCount "146"]
[EventDate "2001.??.??"]
[Source "www.chesslib.no"]
[SourceDate "2004.05.04"]

1. d4 d6 2. c4 e5 3. Nf3 e4 4. Ng5 f5 5. Nh3 c6 6. Nc3 Nf6 7. Bg5 Be7 8. e3 O-O 9. Nf4 Na6 10. h4 Nc7 11. Be2 Ne6 12. d5 Nxf4 13. Bxf4 c5 14. Qc2 a6 15. h5 Bd7 16. a4 b6 17. f3 exf3 18. gxf3 Ne8 19. Bd3 Bf6 20. Ne2 Be5 21. Kd2 Qe7 22. Rag1 Nc7 23. Rg2 Rae8 24. Rhg1 Rf7 25. Bg5 Bf6 26. Bxf6 Qxf6 27. Qc3 Qh6 28. Nf4 Re5 29. Rg5 Ne8 30. a5 bxa5 31. Qxa5 Qf6 32. Qc3 Rfe7 33. Ne6 Bxe6 34. dxe6 Qxe6 35. e4 fxe4 36. Bxe4 Qf6 37. Rxe5 Rxe5 38. Bd5+ Kf8 39. Be4 Rxh5 40. Qxf6+ Nxf6 41. Ra1 Rh2+ 42. Ke3 Rxb2 43. Rxa6 Nxe4 44. Kxe4 Ke7 45. Kf5 g6+ 46. Kg5 Ke6 47. Ra7 Rg2+ 48. Kf4 g5+ 49. Ke4 Rh2 50. Rg7 Rh4+ 51. Ke3 h6 52. Rg8 Kf7 53. Rd8 Rd4 54. Rd7+ Kg6 55. Rd8 Kh5 56. Rd7 Kg6 57. Rd8 Kf6 58. Rf8+ Ke7 59. Rh8 Rh4 60. Rh7+ Ke6 61. Rh8 Kd7 62. Rh7+ Kc6 63. Rh8 Rxc4 64. Rxh6 Rd4 65. Rg6 Rd5 66. Rg8 Re5+ 67. Kd3 Kd5 68. Rg6 c4+ 69. Kd2 Kc5 70. Rf6 d5 71. Rf8 Kd4 72. Rg8 Rf5 73. Ke2 Kc3 0-1

[Event "Ostrava"]
[Site "Ostrava"]
[Date "1994.??.??"]
[Round "6"]
[White "Danner, Georg"]
[Black "Conquest, Stuart"]
[Result "1-0"]
[WhiteElo "2440"]
[BlackElo "2495"]
[PlyCount "71"]
[EventDate "1994.06.??"]
[Source "ChessBase"]

1. d4 d6 2. c4 e5 3. Nf3 e4 4. Ng5 f5 5. g3 Nf6 6. Bg2 c6 7. O-O h6 8. Nh3 g5 9. f3 exf3 10. exf3 Bg7 11. Re1+ Kf8 12. Nc3 Na6 13. Rb1 Nc7 14. f4 g4 15. Nf2 h5 16. b4 a6 17. d5 Bd7 18. Bb2 h4 19. Qd3 hxg3 20. hxg3 Rh5 21. a4 cxd5 22. cxd5 Kf7 23. Qe3 b5 24. axb5 Nxb5 25. Nxb5 axb5 26. Nd3 Qf8 27. Ne5+ dxe5 28. fxe5 Re8 29. Qa7 Qxb4 30. e6+ Kg6 31. Bxf6 Qd6 32. Bxg7 Qxg3 33. Be5 Qh4 34. Qxd7 Re7 35. Qd8 Rhh7 36. d6 1-0